| 000 | 00783nam0a22002651 4500 | ||
|---|---|---|---|
| 001 | rc\819692 | ||
| 005 | 20250622003243.0 | ||
| 035 | _a(NLR Aleph) 006002403 | ||
| 090 |
_a7242525 _c7242525 |
||
| 100 | _a20041129d1984 |||y0rusy50 ca | ||
| 101 | 0 | _arus | |
| 102 | _aRU | ||
| 105 | _aa ||||||||| | ||
| 200 | 1 |
_aЗеленый патруль _eКн. для учителя |
|
| 205 | _a2-е изд., перераб. | ||
| 210 |
_aМ. _cПросвещение _d1984 |
||
| 215 |
_a127 с. _cил. _d20 |
||
| 320 | _aБиблиогр.: с. 125 | ||
| 320 | _aБиблиогр. в примеч.: с. 124 | ||
| 700 | 1 |
_aБобров _bР.В. _gРэм Васильевич |
|
| 801 | 0 |
_aRU _bNLR _gpsbo |
|
| 801 | 1 |
_aRU _bELAR _2rusmarc |
|
| 852 |
_aNLR _j84-3/8389 |
||
| 942 | _cBOOK | ||
| 980 | _aNB | ||